000 00292nam a22001337a 4500
999 _c162603
_d162603
020 _a
082 _a
_b
100 _aRamakutty P V
245 _aCurse as motif in the mahabharata/
_cby Ramakutty P V.
260 _aDelhi:
_bNag,
_c1999.
300 _a205p.
650 _a
942 _cBK